| 000 | 00830nam a2200229 a 4500 | ||
|---|---|---|---|
| 005 | 20210223121819.0 | ||
| 008 | 991125m19571974mx 000 0 spa u | ||
| 035 | _aUPN01000024309 | ||
| 049 | _aCG | ||
| 050 | 4 |
_aJK155 _bH3.3 1957 |
|
| 100 | 1 |
_aHamilton, Alexander, _d1757-1804 _929267 |
|
| 245 | 1 | 3 |
_aEl federalista / _cHamilton, Madison y Jay ; pról. y tr. Gustavo R. Velasco. |
| 250 | _a2a ed. | ||
| 260 |
_aMéxico : _bFCE, _c1957 (1974 impr.). |
||
| 300 | _a430 p. | ||
| 440 | 0 | _aSección de obras de política | |
| 500 | _aEn la cubierta: Los ochenta y cinco ensayos que Hamilton, Madison y Jay escribieron en apoyo de la constitución norteamericana | ||
| 610 | 1 | 4 |
_aESTADOS UNIDOS. _tCONSTITUCION _923316 |
| 700 | 1 |
_aMadison, James, _d1751-1836 _ecoaut. |
|
| 700 | 1 |
_aJay, John, _d1745-1829, _ecoaut. |
|
| 905 | _aLibro | ||
| 999 |
_c24309 _d24309 |
||